| 000 | 00433pab a2200169 454500 | ||
|---|---|---|---|
| 008 | 180718b2009 xxu||||| |||| 00| 0 eng d | ||
| 100 | _aMohanty, Muktikanta | ||
| 245 | _aDevelopment and tribal displacement: reflection on core issues | ||
| 260 | _c2009 | ||
| 300 | _ap.345-50. | ||
| 362 | _aApr-Jun | ||
| 650 | _aTribes | ||
| 650 | _aRefugees | ||
| 773 | _aIndian Journal of Political Science | ||
| 908 | _aN | ||
| 909 | _a84140 | ||
| 999 |
_c84140 _d84140 |
||